Nobody 2021 / directed by Ilya Naishuller ; written by Derek Kolstad ; produced by David Leitch, Kelly McCormick, Braden Aftergood, Bob Odenkirk, Marc Provissiero (Record no. 20867)
| 000 -LEADER | |
|---|---|
| fixed length control field | 01110nam a22002657a 4500 |
| 008 - FIXED-LENGTH DATA ELEMENTS--GENERAL INFORMATION | |
| fixed length control field | 250527b xxu||||| |||| 00| 0 eng d |
| 040 ## - CATALOGING SOURCE | |
| Original cataloging agency | Cagayan State University |
| Description conventions | RDA |
| 082 ## - DEWEY DECIMAL CLASSIFICATION NUMBER | |
| Classification number | 791.4372 |
| Item number | N753 2021. |
| 245 ## - TITLE STATEMENT | |
| Title | Nobody 2021 / directed by Ilya Naishuller ; written by Derek Kolstad ; produced by David Leitch, Kelly McCormick, Braden Aftergood, Bob Odenkirk, Marc Provissiero |
| 260 ## - PUBLICATION, DISTRIBUTION, ETC. (IMPRINT) | |
| Place of publication, distribution, etc | United States : |
| Name of publisher, distributor, etc | 87North Productions, |
| Date of publication, distribution, etc | 2021. |
| 300 ## - PHYSICAL DESCRIPTION | |
| Extent | 1 videofile, (ca. 92mins.) ; |
| Other physical details | sound, color. |
| 520 ## - SUMMARY, ETC. | |
| Summary, etc | A docile family man slowly reveals his true character after his house gets burgled by two petty thieves, which, coincidentally, leads him into a bloody war with a Russian crime boss. |
| 650 ## - SUBJECT ADDED ENTRY--TOPICAL TERM | |
| Topical term or geographic name as entry element | Crime. |
| 650 ## - SUBJECT ADDED ENTRY--TOPICAL TERM | |
| Topical term or geographic name as entry element | Action. |
| 650 ## - SUBJECT ADDED ENTRY--TOPICAL TERM | |
| Topical term or geographic name as entry element | Thriller. |
| 700 ## - ADDED ENTRY--PERSONAL NAME | |
| Personal name | Odenkirk, Bob, star. |
| 700 ## - ADDED ENTRY--PERSONAL NAME | |
| Personal name | Nielsen, Connie, star. |
| 700 ## - ADDED ENTRY--PERSONAL NAME | |
| Personal name | Serebryakov, Alekdei, star. |
| 700 ## - ADDED ENTRY--PERSONAL NAME | |
| Personal name | RZA, star. |
| 700 ## - ADDED ENTRY--PERSONAL NAME | |
| Personal name | Lloyd, Christopher, star. |
| 700 ## - ADDED ENTRY--PERSONAL NAME | |
| Personal name | Pogorzelski, Pawel, cinematographer. |
| 700 ## - ADDED ENTRY--PERSONAL NAME | |
| Personal name | Yeh, William, editor. |
| 700 ## - ADDED ENTRY--PERSONAL NAME | |
| Personal name | Schiff, Evan, editor. |
| 942 ## - ADDED ENTRY ELEMENTS (KOHA) | |
| Source of classification or shelving scheme | |
| Item type | Audio-Visual Materials |
No copies available.